| 000 | 00782nam a2200181Ia 4500 | ||
|---|---|---|---|
| 008 | 100122s9999 xx 000 0 und d | ||
| 082 |
_b28815 _a301.415 |
||
| 100 | _aमालिनौस्की ब्रॉनिस्लाव्ह | ||
| 245 | _aअसंस्कृत समाजातील लैंगिकता | ||
| 260 |
_bम.रा.साहित्य संस्कृती मंडळ _c1978 |
||
| 300 | _a187 | ||
| 520 | _a"कर्वे,दि.धो." | ||
| 620 | _a"कर्वे,दि.धो." | ||
| 630 | _aअसंस्कृत समाजातील लैंगिकता | ||
| 700 | _aकर्वे दि धों | ||
| 730 | _aअसंस्कृत समाजातील लैंगिकता | ||
| 942 | _cBOOK | ||
| 999 |
_c414378 _d414375 |
||